000 00809nam a22002412i 4500
001 25206
003 BD-RjUL
005 20211209050839.0
008 140316s1964 enkabf b 001 0 eng d
035 _aOCLC ocm03468491 from D951107M
_a(BD-RjUL)25275
040 _aKKU
_cKKU
_dBD-RjUL
_beng
041 _aeng
082 _a953.2
_bHOD 1964
090 _aDS244.53
_b.H6 1964
100 1 _aHowarth, David
_d1912-1991
_977531
245 1 4 _aThe desert king :
_bthe life of Ibn Saud /
_c[by] David Howarth.
260 _aLondon :
_bCollins,
_c1964.
300 _a251 p., [12] pages of plates :
_bill., ports., maps ;
_c23 cm.
504 _aIncludes index.
600 0 0 _aIbn Saʿūd,
_cKing of Saudi Arabia,
_d1880-1953.
_977541
650 _aIbn Saʻūd, King of Saudi Arabia, 1880-1953
_977533
942 _2ddc
_cBK
999 _c25206
_d25206